Hadiah harijadi (Record no. 157729)

MARC details
000 -LEADER
fixed length control field 00710nam a2200265 i 4500
001 - CONTROL NUMBER
control field C2-0206531
003 - CONTROL NUMBER IDENTIFIER
control field PPAK
005 - DATE AND TIME OF LATEST TRANSACTION
control field 20180728101638.0
008 - FIXED-LENGTH DATA ELEMENTS--GENERAL INFORMATION
fixed length control field 990304s1997 my a|||| ||||| | may d
020 ## - INTERNATIONAL STANDARD BOOK NUMBER
International Standard Book Number 9830231941
040 ## - CATALOGING SOURCE
Original cataloging agency PPAK
Language of cataloging eng
Transcribing agency PPAK
Description conventions rda
082 04 - DEWEY DECIMAL CLASSIFICATION NUMBER
Classification number 899.233
Edition number 23
090 00 - LOCALLY ASSIGNED LC-TYPE CALL NUMBER (OCLC); LOCAL CALL NUMBER (RLIN)
Classification number (OCLC) (R) ; Classification number, CALL (RLIN) (NR) 899.233
Feature heading ZUL
Feature heading K
100 0# - MAIN ENTRY--PERSONAL NAME
Personal name Zul Yazid,
Relator term author
245 10 - TITLE STATEMENT
Title Hadiah harijadi
264 #1 - PRODUCTION, PUBLICATION, DISTRIBUTION, MANUFACTURE, AND COPYRIGHT NOTICE
Place of production, publication, distribution, manufacture Kuala Lumpur :
Name of producer, publisher, distributor, manufacturer Pustaka Cita Tinggi ,
Date of production, publication, distribution, manufacture, or copyright notice 1997
300 ## - PHYSICAL DESCRIPTION
Extent 59 pages :
Other physical details illustrations ;
Dimensions 18 cm
336 ## - CONTENT TYPE
Source rdacontent
Content type term text
337 ## - MEDIA TYPE
Source rdamedia
Media type term unmediated
338 ## - CARRIER TYPE
Source rdacarrier
Carrier type term volume
490 1# - SERIES STATEMENT
Series statement Siri Ilham
650 10 - SUBJECT ADDED ENTRY--TOPICAL TERM
Topical term or geographic name entry element Children's stories, Malay
830 #0 - SERIES ADDED ENTRY--UNIFORM TITLE
Uniform title Siri Ilham
942 ## - ADDED ENTRY ELEMENTS (KOHA)
-- dc
Koha item type Book
Holdings
Withdrawn Not for loan Current library Shelving location Date acquired Full call number Barcode Date last seen Koha item type Total Checkouts
    Perpustakaan Jitra Pinjaman Kanak-kanak 21/03/1999 K 899.233 ZUL A00271905 01/06/2018 Book  
    Perpustakaan Yan Pinjaman Kanak-kanak 04/03/1999 K 899.233 ZUL A00248124 01/06/2018 Book  
    Perpustakaan Yan Pinjaman Kanak-kanak 04/03/1999 K 899.233 ZUL A00248125 01/06/2018 Book  
    PD24, Felda Bukit Tangga, Bukit Kayu Hitam Pinjaman Kanak-kanak 26/03/2000 K 899.233 ZUL A00896809 01/06/2018 Book  
    PD24, Felda Bukit Tangga, Bukit Kayu Hitam Pinjaman Kanak-kanak 26/03/2000 K 899.233 ZUL A00896810 01/06/2018 Book  
    PD27, Kg. Bendang Bukit, Pendang Pinjaman Kanak-kanak 16/08/2000 K 899.233 ZUL A00924903 01/06/2018 Book  
    PD27, Kg. Bendang Bukit, Pendang Pinjaman Kanak-kanak 16/08/2000 K 899.233 ZUL A00924904 01/06/2018 Book  
    PD27, Kg. Bendang Bukit, Pendang Pinjaman Kanak-kanak 16/08/2000 K 899.233 ZUL A00924879 01/06/2018 Book  
    PD27, Kg. Bendang Bukit, Pendang Pinjaman Kanak-kanak 16/08/2000 K 899.233 ZUL A00924880 01/06/2018 Book